| 000 | 00383nam a2200145Ia 4500 | ||
|---|---|---|---|
| 008 | 230917s9999||||xx |||||||||||||| ||und|| | ||
| 040 |
_e28538 _aMAIN |
||
| 041 | _aEnglish | ||
| 082 | _a910.02 S81I | ||
| 100 | _aStrahler, Alan | ||
| 245 | 0 | _aIntroducing physical geography: environmental update | |
| 260 |
_aNew York _bJohn Wiley & Sons _c1996 |
||
| 300 | _axi,564 p. | ||
| 942 | _cBK | ||
| 999 |
_c97624 _d97624 |
||